Ako podnikať

Z obsahu: Hromadné výmazy firiem pokračujú. Efektívny predajca - nespokojný zákazník. Platba pred ukončením kontraktu. Právna poradňa - odpovede na otázky čitateľov Trendu.

Salvato in:
Dettagli Bibliografici
Natura: Capitolo di libro
Lingua:slovacco
Soggetti:
Tags: Aggiungi Tag
Nessun Tag, puoi essere il primo ad aggiungerne!!

MARC

LEADER 00000naa$a2200000$$$4500
001 0041120
005 20231009083130.1
041 0 |a slo 
044 |a SK 
245 1 0 |a Ako podnikať 
520 |a Z obsahu: Hromadné výmazy firiem pokračujú. Efektívny predajca - nespokojný zákazník. Platba pred ukončením kontraktu. Právna poradňa - odpovede na otázky čitateľov Trendu. 
610 2 0 |a podnikanie 
610 2 0 |a firmy 
610 2 0 |a register obchodný 
610 2 0 |a predaj 
610 2 0 |a spokojnosť zákazníkov 
610 2 0 |a kontrakty 
610 2 0 |a notári 
610 2 0 |a poradenstvo profesionálne